000 00556cam a22002291 4500
001 sa 64004404
003 DLC
005 20260227112024.0
008 940616s1962 ii 000 1 telo
010 _asa 64004404
025 _aPL480:I-Te-284
035 _a(OCoLC)30618382
040 _aDLC
_cCU
_dCU
_dDLC
042 _apremarc
050 0 0 _aPL4780.8
_b.N5
245 0 0 _aNīticandrikā saṅgrahamu.
260 _c[1962]
300 _a28, 64 p.
_c18 cm.
500 _aIn Telugu.
500 _aShort stories.
650 0 _aShort stories, Telugu.
999 _c58477
_d58477